01100nam a2200313Ia 450000500170000000800410001702000180005804100080007610000190008424500920010325000180019530000490021350000550026252100350031765000380035265000380039065000360042865000350046465000370049970000540053694200150059026400310060533600270063633700330066333800280069604000350072408400120075999900150077120220317001746.0170328s2015 c a g 000 j s  a9789588845319 aspa1 aBertrand, Sara10aCuando los peces se fueron volandocSara Bertrand ; ilustraciones Francisco Javier Olea a1a. edición a[22] páginasbilustraciones a colorc21 cm aIncluye datos biográficos del autor e ilustrador aRecomendado desde los 6 años142LEMBaCuentos infantiles chilenos142LEMBaLiteratura infantil chilena142LEMBaAusencia en la literatura142LEMBaFamilia en la literatura142LEMBaNostalgia en la literatura1 a Olea, Francisco Javierd1972-eilustrador990132 2loccBKINF aMedellínbTragaluzc2015 atextobtxt2rdacontent asin mediaciónbn2rdamedia avolumenbnc2rdacarrier aCO-BoRNBPbspaerdacCO-BoRNBP aC BER34 c7990d7990